| 000 | 01211nam a2200337 a 4500 | ||
|---|---|---|---|
| 001 | 000114158 | ||
| 003 | CHAP | ||
| 005 | 20220329144429.0 | ||
| 008 | 171108s2017 mx sm |||||||spa d | ||
| 010 | _a110619 | ||
| 011 | _a111591 | ||
| 040 | _cCHAP | ||
| 090 | _aTesis | ||
| 100 | 1 |
_aSantiago Pérez, Francisco _9134050 |
|
| 245 | 1 | 0 |
_aHuella hidrica azul de uva para mesa (Vitis vinifera) en Sonora, México _h[En línea] _cpor Francisco Santiago Pérez. |
| 260 |
_aChapingo, Méx. : _bEl autor, _c2017. |
||
| 500 | _aPara ver el contenido del material haga clic en la liga | ||
| 502 | _aTesis (Ing. en Sistemas Agricolas) -- UACH. Unidad Regional Universitaria de Zonas Aridas | ||
| 590 |
_aE11695DGD _b10 _c20171109 _lUCH01 _h1137 |
||
| 590 |
_aE6339RRR _b05 _c20171108 _lUCH01 _h1500 |
||
| 590 |
_aE6339RRR _b05 _c20171108 _lUCH01 _h1500 |
||
| 590 |
_aE6339RRR _b05 _c20171108 _lUCH01 _h1502 |
||
| 650 | 1 | 4 |
_aAgua dulce _xModelos matemáticos. _92425 |
| 650 | 1 | 4 |
_aAgua _xCalidad. _92316 |
| 650 | 1 | 4 |
_aUva _xAgua requerida. _9134052 |
| 650 | 1 | 4 |
_aUva _xRendimiento. _9117140 |
| 856 |
_aFinding aid _uhttp://10.13.5.2/tesis/sist114158.pdf _zTeclea aquí |
||
| 901 | _aBK | ||
| 942 | _cTESIS | ||
| 942 | _n0 | ||
| 999 |
_c110619 _d110619 |
||